| 000 | 00590nam a22001817a 4500 | ||
|---|---|---|---|
| 999 |
_c160605 _d160605 |
||
| 003 | OSt | ||
| 020 | _a9789351304654 | ||
| 100 | _aPawan Kumar Sharma | ||
| 245 | _aPracticals in agricultural economics | ||
| 260 |
_aNew Delhi _bDaya Publishing House A Division of Astral International Pvt. Ltd. _c2014 |
||
| 546 | _aEnglish | ||
| 700 | _aSudhakar Dwivedi | ||
| 700 | _aAnil Bhat | ||
| 856 | _uhttp://www.astralebooks.com/Books/ProductDetail/9789351304654 | ||
| 856 | _uhttp://www.astralebooks.com/Books/GetEbook/9789351304654 | ||
| 856 | _uhttp://astralebooks.com/ | ||
| 942 |
_2ddc _cEB |
||